<?xml version="1.0" encoding="UTF-8"?>
<record
    xmlns:xsi="http://www.w3.org/2001/XMLSchema-instance"
    xsi:schemaLocation="http://www.loc.gov/MARC21/slim http://www.loc.gov/standards/marcxml/schema/MARC21slim.xsd"
    xmlns="http://www.loc.gov/MARC21/slim">

  <leader>00936nam a22002657a 4500</leader>
  <controlfield tag="005">20130618164025.0</controlfield>
  <controlfield tag="008">130618b        xxu||||| |||| 00| 0 eng d</controlfield>
  <datafield tag="010" ind1=" " ind2=" ">
    <subfield code="a">B-524239</subfield>
  </datafield>
  <datafield tag="020" ind1=" " ind2=" ">
    <subfield code="a">9780070699670</subfield>
    <subfield code="c">485.00</subfield>
  </datafield>
  <datafield tag="020" ind1=" " ind2=" ">
    <subfield code="a">0070699674</subfield>
    <subfield code="c">485.00</subfield>
  </datafield>
  <datafield tag="035" ind1=" " ind2=" ">
    <subfield code="a">B-524239</subfield>
  </datafield>
  <datafield tag="037" ind1=" " ind2=" ">
    <subfield code="b">UBH</subfield>
  </datafield>
  <datafield tag="040" ind1=" " ind2=" ">
    <subfield code="a">DPL</subfield>
    <subfield code="b">Eng</subfield>
  </datafield>
  <datafield tag="082" ind1=" " ind2=" ">
    <subfield code="a">621.31</subfield>
  </datafield>
  <datafield tag="100" ind1=" " ind2=" ">
    <subfield code="a">Kothari, D.P.</subfield>
    <subfield code="9">25423</subfield>
  </datafield>
  <datafield tag="245" ind1=" " ind2=" ">
    <subfield code="a">Electric machines /</subfield>
    <subfield code="c">by D.P. Kothari [and] I.J.Nagrath</subfield>
  </datafield>
  <datafield tag="250" ind1=" " ind2=" ">
    <subfield code="a">4th ed</subfield>
  </datafield>
  <datafield tag="260" ind1=" " ind2=" ">
    <subfield code="a">New Delhi</subfield>
    <subfield code="b">Tata McGraw Hill Education </subfield>
    <subfield code="c">2012</subfield>
  </datafield>
  <datafield tag="270" ind1=" " ind2=" ">
    <subfield code="a">7, West Patel Nagar </subfield>
    <subfield code="b">New Delhi</subfield>
    <subfield code="e">110008</subfield>
  </datafield>
  <datafield tag="300" ind1=" " ind2=" ">
    <subfield code="a">xviii,914p.:</subfield>
    <subfield code="c">24cm (pbk)</subfield>
    <subfield code="b">ill.</subfield>
  </datafield>
  <datafield tag="500" ind1=" " ind2=" ">
    <subfield code="a">Includes bibliographical references and index</subfield>
  </datafield>
  <datafield tag="700" ind1=" " ind2=" ">
    <subfield code="a">Nagrath, I.J.</subfield>
    <subfield code="9">25424</subfield>
  </datafield>
  <datafield tag="942" ind1=" " ind2=" ">
    <subfield code="2">ddc</subfield>
    <subfield code="c">EN</subfield>
    <subfield code="m">KOT</subfield>
    <subfield code="h">621.31</subfield>
  </datafield>
  <datafield tag="999" ind1=" " ind2=" ">
    <subfield code="c">76755</subfield>
    <subfield code="d">76755</subfield>
  </datafield>
  <datafield tag="952" ind1=" " ind2=" ">
    <subfield code="0">0</subfield>
    <subfield code="1">0</subfield>
    <subfield code="2">ddc</subfield>
    <subfield code="4">0</subfield>
    <subfield code="7">0</subfield>
    <subfield code="8">NFIC</subfield>
    <subfield code="a">ZLS</subfield>
    <subfield code="b">ZLS</subfield>
    <subfield code="d">2013-06-18</subfield>
    <subfield code="e">UBH/029/15.5.13/DPL/ZLS/RP/2013-14/1/156</subfield>
    <subfield code="g">485.00</subfield>
    <subfield code="l">7</subfield>
    <subfield code="m">3</subfield>
    <subfield code="o">621.31 KOT</subfield>
    <subfield code="p">B-524239</subfield>
    <subfield code="r">2020-02-17 00:00:00</subfield>
    <subfield code="s">2020-02-03</subfield>
    <subfield code="t">1</subfield>
    <subfield code="v">485.00</subfield>
    <subfield code="w">2013-06-18</subfield>
    <subfield code="y">EN</subfield>
  </datafield>
</record>
